Construction law (Record no. 112563)

MARC details
000 -LEADER
fixed length control field 01183cad a22002655a 4500
001 - CONTROL NUMBER
control field L153514
008 - FIXED-LENGTH DATA ELEMENTS--GENERAL INFORMATION
fixed length control field 110803s2011 xxk f 000 0 eng d
035 ## - SYSTEM CONTROL NUMBER
System control number (Sirsi) u153514
041 0# - LANGUAGE CODE
Language code of text/sound track or separate title eng
100 1# - MAIN ENTRY--PERSONAL NAME
Personal name Clinton, Mark
245 00 - TITLE STATEMENT
Title Construction law
Remainder of title get ready for the new Construction Act
Medium [electronic resource]
260 ## - PUBLICATION, DISTRIBUTION, ETC.
Place of publication, distribution, etc. [S.l.]
Name of publisher, distributor, etc. Thomas Eggar LLP
Date of publication, distribution, etc. 2011
520 ## - SUMMARY, ETC.
Summary, etc. Outlines the new Construction Act which comes into force in England on 1 October 2011.
590 ## - LOCAL NOTE (RLIN)
Local note KA
650 24 - SUBJECT ADDED ENTRY--TOPICAL TERM
Topical term or geographic name entry element LOCAL DEMOCRACY, ECONOMIC DEVELOPMENT AND CONSTRUCTION ACT 2009
650 24 - SUBJECT ADDED ENTRY--TOPICAL TERM
Topical term or geographic name entry element HOUSING GRANTS, CONSTRUCTION AND REGENERATION ACT 1996
651 #4 - SUBJECT ADDED ENTRY--GEOGRAPHIC NAME
Geographic name England
Chronological subdivision 886-
690 ## - LOCAL SUBJECT ADDED ENTRY--TOPICAL TERM (OCLC, RLIN)
Topical term or geographic name as entry element BUILT ENVIRONMENT-CONSTRUCTION MANAGEMENT-BUILDING CONTRACT ADMINISTRATION
690 ## - LOCAL SUBJECT ADDED ENTRY--TOPICAL TERM (OCLC, RLIN)
Topical term or geographic name as entry element Procurement
9 (RLIN) 6260
690 ## - LOCAL SUBJECT ADDED ENTRY--TOPICAL TERM (OCLC, RLIN)
Topical term or geographic name as entry element HOUSING GRANTS, CONSTRUCTION AND REGENERATION ACT 1996
700 1# - ADDED ENTRY--PERSONAL NAME
Personal name Evans, Rebecca
710 1# - ADDED ENTRY--CORPORATE NAME
Corporate name or jurisdiction name as entry element Thomas Eggar LLP
856 40 - ELECTRONIC LOCATION AND ACCESS
Uniform Resource Identifier <a href="https://www.mondaq.com/404.asp?404;http://www.mondaq.com:80/x/140194/Building+Construction/Construction+Law+Get+Ready+For+The+New+Construction+Act&email_access=on&login=true">https://www.mondaq.com/404.asp?404;http://www.mondaq.com:80/x/140194/Building+Construction/Construction+Law+Get+Ready+For+The+New+Construction+Act&email_access=on&login=true</a>
Public note View this item via free registration at www.mondaq.com
942 ## - ADDED ENTRY ELEMENTS (KOHA)
Suppress in OPAC 0
Holdings
Withdrawn status Lost status Source of classification or shelving scheme Damaged status Not for loan Home library Current library Shelving location Date acquired Total Checkouts Full call number Barcode Date last seen Copy number Price effective from Koha item type
    Dewey Decimal Classification     Virtual Virtual Online 03/08/2011   ONLINE PUBLICATION 153514-2001 06/08/2019 1 06/08/2019 Book